<?xml version="1.0" encoding="UTF-8"?>
<collection xmlns="http://www.loc.gov/MARC21/slim">
 <record>
  <leader>05092nam a2200313 a 4500</leader>
  <controlfield tag="001">kal3244</controlfield>
  <controlfield tag="003">Gr-AtHEAL</controlfield>
  <controlfield tag="005">20160422094846.0</controlfield>
  <controlfield tag="006">m        d        </controlfield>
  <controlfield tag="008">160413s2015    gr      s           gre|c</controlfield>
  <datafield tag="020" ind1=" " ind2=" ">
   <subfield code="a">9789606031724</subfield>
  </datafield>
  <datafield tag="040" ind1=" " ind2=" ">
   <subfield code="a">GR-AtHEAL</subfield>
   <subfield code="b">gre</subfield>
   <subfield code="c">GR-AtHEAL</subfield>
  </datafield>
  <datafield tag="082" ind1="0" ind2="4">
   <subfield code="a">612.8</subfield>
   <subfield code="2">23</subfield>
  </datafield>
  <datafield tag="100" ind1="1" ind2=" ">
   <subfield code="a">Παπαθεοδωρόπουλος, Κωνσταντίνος.</subfield>
   <subfield code="8">620</subfield>
  </datafield>
  <datafield tag="245" ind1="1" ind2="0">
   <subfield code="a">Έννοιες στην επιστήμη της μνήμης</subfield>
   <subfield code="h">[Ηλεκτρονικός πόρος] </subfield>
   <subfield code="c">Παπαθεοδωρόπουλος, Κωνσταντίνος ; Κριτικός αναγνώστης,Σιδηροπούλου, Κυριακή ; Τεχνική επιμέλεια,Παπαβασιλείου, Σπυρίδων ; Γλωσσική επιμέλεια,Μπίσμπα Άννα.</subfield>
  </datafield>
  <datafield tag="260" ind1=" " ind2=" ">
   <subfield code="a">Αθήνα :</subfield>
   <subfield code="b">Σύνδεσμος Ελληνικών Ακαδημαϊκών Βιβλιοθηκών,</subfield>
   <subfield code="c">c2015.</subfield>
  </datafield>
  <datafield tag="490" ind1=" " ind2=" ">
   <subfield code="a">Ακαδημαϊκά Ηλεκτρονικά Συγγράμματα και Βοηθήματα Κάλλιπος</subfield>
   <subfield code="8">40</subfield>
  </datafield>
  <datafield tag="520" ind1=" " ind2=" ">
   <subfield code="a">Στο βιβλίο θα αναλύονται όλες οι βασικές έννοιες που χρησιμοποιούνται στο πεδίο της μνήμης. Η ιδιαιτερότητα του εγχειριδίου θα έγκειται στο ότι θα αναλύονται έννοιες που καλύπτουν όλα τα επίπεδα οργάνωσης του φαινομένου της μνήμης, από το (παραδοσιακό) επίπεδο της συμπεριφοράς μέχρι τις πιο σύγχρονες έννοιες της νευροβιολογίας που αφορούν την κυτταρική και δικτυακή νευρωνική δραστηριότητα καθώς και τις μοριακές αλληλεπιδράσεις στα νευρικά κύτταρα οι οποίες συνιστούν το νευροβιολογικό υπόβαθρο του φαινομένου της μνήμης. Επίσης θα περιλαμβάνονται και θα αναλύονται διάφορες περιπτώσεις παθολογικών καταστάσεων των μνημονικών λειτουργιών. Ως παραδείγματα αναφέρονται οι πιο κάτω τίτλοι κεφαλαίων: Μνήμη, Μάθηση, Ανάκληση, Πλαστικότητα, Παγίωση, Μνημονικό αποτύπωμα, Μνημονικά συστήματα, Ιππόκαμπος, Σύναψη-Συναπτική διαβίβαση, [Νευροδιαβιβαστές], Ασβέστιο, Υποδοχέας NMDA, Μακρόχρονη συναπτική ενδυνάμωση, Έκδηλη μνήμη, Άδηλη μνήμη, Σημασιολογική μνήμη, Βιωματική μνήμη, Προοπτική μνήμη, Γήρας, Νόσος του Alzheimer. (Βλ. επίσης μέρος Γ2: Ανάλυση ανά κεφάλαιο). Στην παράγραφο &quot;Ανάλυση του βιβλίου ανά κεφάλαιο&quot; σημειώνονται ορισμένα από τα κεφάλαια που προβλέπονται να συγκροτούν το προτεινόμενο σύγγραμμα. Υπολογίζεται ότι ο συνολικός τελικός αριθμός κεφαλαίων θα είναι τουλάχιστον εβδομήντα. Η επιλογή συγγραφής βιβλίου υπό μορφή ανάλυσης συγκεκριμένων θεμελιωδών εννοιών στο ευρύτερο πεδίο μελέτης των μνημονικών λειτουργιών σχετίζεται ακριβώς με την επιτακτική ανάγκη ύπαρξης εύχρηστου και συνεχώς χρησιμοποιούμενου εγχειριδίου το οποίο να εισάγει άμεσα τον μελετητή στις έννοιες (από τη συμπεριφορά μέχρι το μοριακό επίπεδο) αναλύοντάς τες σύντομα και ολοκληρωμένα. Επαναλαμβάνεται η παρατήρηση της παντελούς έλλειψης παρόμοιου εγχειριδίου στην ελληνική βιβλιογραφία.</subfield>
  </datafield>
  <datafield tag="650" ind1=" " ind2="0">
   <subfield code="a">Memory</subfield>
   <subfield code="8">2218</subfield>
  </datafield>
  <datafield tag="650" ind1=" " ind2="0">
   <subfield code="a">Cognitive neuroscience</subfield>
   <subfield code="8">2219</subfield>
  </datafield>
  <datafield tag="653" ind1=" " ind2=" ">
   <subfield code="a">Μνήμη-μάθηση</subfield>
  </datafield>
  <datafield tag="653" ind1=" " ind2=" ">
   <subfield code="a">Νευροβιολογία-εγκέφαλος</subfield>
  </datafield>
  <datafield tag="653" ind1=" " ind2=" ">
   <subfield code="a">Επιστήμες της ζωής</subfield>
  </datafield>
  <datafield tag="700" ind1="1" ind2=" ">
   <subfield code="a">Σιδηροπούλου, Κυριακή</subfield>
   <subfield code="e">Κριτικός αναγνώστης</subfield>
   <subfield code="8">621</subfield>
  </datafield>
  <datafield tag="856" ind1="4" ind2="0">
   <subfield code="u">http://hdl.handle.net/11419/3244</subfield>
   <subfield code="z">Πλήρες Κείμενο - Full text</subfield>
  </datafield>
  <datafield tag="907" ind1=" " ind2=" ">
   <subfield code="a">.b25680249</subfield>
   <subfield code="b">12-06-18</subfield>
   <subfield code="c">29-07-16</subfield>
  </datafield>
  <datafield tag="949" ind1=" " ind2=" ">
   <subfield code="0">0</subfield>
   <subfield code="1">0</subfield>
   <subfield code="2">ddc</subfield>
   <subfield code="4">0</subfield>
   <subfield code="6">612_800000000000000_ΠΑΠ</subfield>
   <subfield code="7">0</subfield>
   <subfield code="8">KALL</subfield>
   <subfield code="8">783</subfield>
   <subfield code="d">2016-04-13</subfield>
   <subfield code="r">2016-04-13</subfield>
   <subfield code="w">2016-04-13</subfield>
   <subfield code="z">612.8 ΠΑΠ</subfield>
   <subfield code="o">SEAB KALLIPOS</subfield>
  </datafield>
  <datafield tag="998" ind1=" " ind2=" ">
   <subfield code="a">80</subfield>
   <subfield code="a">01</subfield>
   <subfield code="a">02</subfield>
   <subfield code="a">03</subfield>
   <subfield code="a">04</subfield>
   <subfield code="a">05</subfield>
   <subfield code="a">06</subfield>
   <subfield code="a">07</subfield>
   <subfield code="a">08</subfield>
   <subfield code="a">09</subfield>
   <subfield code="a">10</subfield>
   <subfield code="a">11</subfield>
   <subfield code="a">12</subfield>
   <subfield code="a">13</subfield>
   <subfield code="a">14</subfield>
   <subfield code="a">15</subfield>
   <subfield code="a">16</subfield>
   <subfield code="a">17</subfield>
   <subfield code="a">18</subfield>
   <subfield code="a">19</subfield>
   <subfield code="a">20</subfield>
   <subfield code="a">21</subfield>
   <subfield code="a">22</subfield>
   <subfield code="a">23</subfield>
   <subfield code="a">24</subfield>
   <subfield code="a">25</subfield>
   <subfield code="a">26</subfield>
   <subfield code="b">16-05-17</subfield>
   <subfield code="c">m</subfield>
   <subfield code="d">z  </subfield>
   <subfield code="e">-</subfield>
   <subfield code="f">gre</subfield>
   <subfield code="g">gr </subfield>
   <subfield code="h">0</subfield>
  </datafield>
  <datafield tag="942" ind1=" " ind2=" ">
   <subfield code="2">ddc</subfield>
   <subfield code="c">KALLIPOS</subfield>
  </datafield>
 </record>
</collection>
